Principios de microeconomía (Registro nro. 12253)

Detalles MARC
000 -LEADER
fixed length control field 01266nam a2200253Ia 4500
003 - CONTROL NUMBER IDENTIFIER
control field OSt
005 - DATE AND TIME OF LATEST TRANSACTION
control field 20210823121018.0
008 - FIXED-LENGTH DATA ELEMENTS--GENERAL INFORMATION
fixed length control field 210310s1975 ar ad gr 000 0 spa d
040 ## - CATALOGING SOURCE
Original cataloging agency CO-JMCR
Transcribing agency CO-JMCR
041 0# - LANGUAGE CODE
Language code of text/sound track or separate title spa
082 04 - DEWEY DECIMAL CLASSIFICATION NUMBER
Classification number 338.5 /
Item number R295p
Edition number 23
100 1# - MAIN ENTRY--PERSONAL NAME
Personal name Reynolds, L.G.
Relator term autor
9 (RLIN) 27709
245 10 - TITLE STATEMENT
Title Principios de microeconomía
Statement of responsibility, etc. L. G. Reynols
260 ## - PUBLICATION, DISTRIBUTION, ETC.
Date of publication, distribution, etc. 1975
Place of publication, distribution, etc. Buenos Aires, Argentina :
Name of publisher, distributor, etc. El ateneo,
300 ## - PHYSICAL DESCRIPTION
Extent 193 páginas :
Other physical details ilustraciones y gráficas en blanco y negro ;
Dimensions 26 cm.
440 ## - SERIES STATEMENT/ADDED ENTRY--TITLE
Title #N/A
9 (RLIN) 27710
490 0# - SERIES STATEMENT
Series statement Serie de enseñanza programada
500 ## - GENERAL NOTE
General note Incluye glosario e índice.
505 0# - FORMATTED CONTENTS NOTE
Formatted contents note Demanda y decisiones del hogar. -- Economía de oferta, costos y producción. -- Competencia perfecta y monopolio. -- Competencia monopólica y oligopolio. -- Relación de la política pública con la competencia y Precios de los factores y mercados<br/>el monopolio. -- Las determinantes de salarios y los mercados de mano de obra. -- Las ganancias y la tasa de interés. --Desigualdad y pobreza. -- Planeamiento y eficiencia económica. -- Economía del producto público. -- Tributación
650 14 - SUBJECT ADDED ENTRY--TOPICAL TERM
Topical term or geographic name entry element Microeconomía
9 (RLIN) 39539
650 24 - SUBJECT ADDED ENTRY--TOPICAL TERM
Topical term or geographic name entry element Macroeconómica
9 (RLIN) 12470
650 24 - SUBJECT ADDED ENTRY--TOPICAL TERM
Topical term or geographic name entry element Ciencias económicas
9 (RLIN) 11379
942 ## - ADDED ENTRY ELEMENTS (KOHA)
Source of classification or shelving scheme Dewey Decimal Classification
Koha item type Books
Existencias
Withdrawn status Lost status Source of classification or shelving scheme Damaged status Not for loan Home library Current library Shelving location Date acquired Source of acquisition Full call number Barcode Date last seen Copy number Price effective from Koha item type
    Dewey Decimal Classification     Biblioteca Pública José María del Castillo y Rada Biblioteca Pública José María del Castillo y Rada General Stacks 04/15/2018 Donación 338.5 / R295p 430005534 05/16/2024 Ej.1 03/10/2021 Books